000 02249nam a2200289 i 4500
003 DO-SdBNP
005 20250521104551.0
007 ta
008 250520b2010 dr ac||| |||| 00| 0 spa d
020 _a9789945003925
040 _aDO-SdBNP
_bspa
_cBNPHU
_erda
041 _aspa
082 4 _axxx
_bM538s
_222
100 _aMéndez Capellán, Víctor,
_d1927-
_eautor
_4aut.
_920981
245 1 3 _aSi yo pude, ¡tu también! :
_bconsejos para una vida exitosa /
_cVíctor Méndez Capellán ; cuidado de edición, Freddy Ortiz.
250 _aPrimera edición
264 4 _aSanto Domingo, República Dominicana :
_bEditora Corripio,
_c©2010.
300 _a142 páginas :
_bilustraciones, retratos ;
_c23 cm.
336 _atexto
_btxt
_2rdacontent
337 _asin mediación
_bn
_2rdamedia
338 _avolumen
_bnc
_2rdacarrier
505 _aEl objetivo de este libro 7 -- Certifico y doy fe 11 -- Amanece 19 -- En busca de mi primera empresa 27 -- Venta de frío-frío 31 -- La señorita Gómez y las biografías 33 -- De lustrador a zapatero remendón 37 -- ¡Quiero ser guardia! 41 -- ¡Y soldado fui ! 45 -- Más bien...¡siempre he sido guardia ! 49 -- Trujillo, otra vez 51 -- De la guardia a billetero 55 -- Dos mujeres en mi vida 59 -- Más que empleados, socios 63 -- Diversificación y autofinanciamiento 67 -- “Agencia de viajes nacionales e internacionales Víctor Méndez Capellán” 71 -- El Golf, cuando aquello era privilegio 75 -- Pan American y American Express 79 -- Hacia la “geffrard” 83 -- Refrigeración Dominicana 87 -- Finetta, o el éxito de la persistencia 91 -- Finetta y el mito de la esposa en los negocios 97 -- Jarabacoa 101 -- Casas económicas para los pobres 105 -- Alimentos Vimenca y la muerte de mi primer hijo 107 -- La necesidad creó a Remesas Vimenca Luego llegó Western Union 115 -- Los Call Centers. Nace “Data Vimenca ”119 -- El Banco Vimenca 121 -- Cómo hacer amigos. El ejemplo Charles T. Fote 123 -- La devoción por la oración y la fuerza de la fe 129 -- La apariencia física 133 -- La familia y la inversión en educación 135 -- 82 años después 139
590 _aInventariado, 2025 /LP
700 1 _a Ortiz, Freddy
_eeditor
_4ed.
_961927
910 _aLP
942 _2ddc
_cLBS1
999 _c59067
_d59067